000 01439cam a2200397 4500
999 _c23553
_d23553
001 vtls011991979
005 20230822071447.0
008 220509s2020 xo gr 000 f slo
020 _a9788022022071
_q(viazané)
035 _aurn:nbn:sk:snk-am00gkxd
035 _aurn:nbn:sk:snk-am3j6uh
035 _a8880A181-1CA3-4317-B897-CE39D364A957
040 _aTVZK
_bslo
_cTVZK
_erda
041 1 _aslo
_heng
044 _axo
_cSK
072 7 _a821.11
_xGermánske literatúry
_2konspekt
080 _a821.113.5-31
_22011
080 _a(0:82-312.4)
_22011
100 1 _aDahl, Alex,
_d1982-
_4aut
_92133
240 1 4 _aThe Heart Keeper
_lSlovensky
245 1 _aDievča s cudzím srdcom
_cAlex Dahl ; z anglického originálu The Heart Keeper ... preložila Lenka Cinková
246 1 _iObálkový podnázov:
_aAby tvoje dieťa mohlo žiť, jej dcéra musí zomrieť
264 1 _aBratislava
_bSlovenský spisovateľ
_c2020
300 _a367 strán
_c20 cm
336 _atext
_btxt
_2rdacontent
337 _abez média
_bn
_2rdamedia
338 _azväzok
_bnc
_2rdacarrier
500 _aObsahuje biografické údaje o autorke na záložke prebalu publikácie
650 0 7 _anórske romány
_2SNKPH
_93728
655 7 _atrilery (romány)
_2SNKPH
_92135
655 7 _aNorwegian fiction
_2SNKPHeng
_92136
655 7 _aThrillers (novels)
_2SNKPHeng
_91722
700 1 _aCinková, Lenka,
_d1987-
_4trl
_92137
958 _aLX
958 _aUP